| 000 | 00436nam a2200169Ia 4500 | ||
|---|---|---|---|
| 008 | 100423t2007 xxu||||| |||| 00| 0 sin d | ||
| 041 | _asin | ||
| 080 |
_aX8S31 _bde S |
||
| 100 | _ade Silva, Chandrasena | ||
| 245 | _aනිල් කුරුල්ලා | ||
| 246 | _aNil Kurulla | ||
| 260 |
_bThrasa _aHokandara South _c2007 |
||
| 300 | _a126p., 21 cm | ||
| 942 | _cBK | ||
| 999 |
_c72838 _d72838 |
||
| 003 | LK-CoDNM | ||
| 040 |
_aLK-CoDNM _dLK-CoDNM _eLK-CoDNM |
||